| 000 | 00442nam a2200157Ia 4500 | ||
|---|---|---|---|
| 003 | GCL | ||
| 008 | 140319s9999 xx 000 0 ara d | ||
| 040 |
_aGCL / _cGCL |
||
| 082 | 0 | 4 |
_aط _b230 _bع ا |
| 100 | 1 | _aعاطف عبدالرشيد | |
| 245 | 1 | 0 |
_aالاحاديث النبوية / _cعاطف عبدالرشيد |
| 490 |
_aاطفالنا _v0 |
||
| 650 | 0 | 4 | _aالحديث |
| 650 | 0 | 4 | _aالاحاديث القدسية |
| 942 |
_2ddc _cBK |
||
| 999 |
_c38954 _d38954 |
||